Statistiques concernant Paroles - Christophe Maé - Belle demoiselle

Cliquez ici pour prendre le quiz!

Statistiques générales

  • Ce quiz a été pris 416 fois
  • Le résultat moyen est 131 sur 172

Statistiques - réponses

Paroles% Correct
de
100%
ma
99%
à
98%
Belle
98%
demoiselle
98%
se
98%
Se
98%
Je
97%
je
97%
un
97%
Une
97%
une
97%
La
96%
la
96%
me
96%
Si
96%
Sa
95%
comme
94%
des
94%
qui
94%
Qui
94%
pas
92%
dans
91%
démarche
91%
elle,
91%
ailes
90%
donne
90%
jamais
90%
lui
90%
au
89%
d'elle
89%
Mais
89%
mais
89%
m'approche
88%
et
87%
hirondelle
87%
s'envole,
87%
rue
85%
Le
84%
l'allée
83%
Aucun
82%
doute,
81%
Du
81%
C'est
80%
c'est
80%
j'ose
80%
nus
80%
mes
79%
pour
79%
Pour
79%
les
78%
silhouette
78%
yeux
78%
bruit
77%
fête
77%
fille
77%
Jour
77%
regarde,
77%
m'emballer
76%
nationale
75%
aigu
73%
mon
73%
sourire
73%
fond
72%
hauteur
71%
presse
71%
baisse
69%
dire
69%
garde
68%
rapproche
68%
sans
67%
Alors
65%
tête
65%
Ça
62%
moral
62%
grave,
61%
nuage
60%
cet
59%
domine
59%
j'ai
58%
ne
57%
plaire
56%
bouscule
55%
Dieu
55%
dieu
55%
S'éloigne
55%
bon
54%
escadrille
53%
suis
53%
aveu?
52%
aveu
52%
être
51%
l'air
51%
fidèle
50%
pourtant
50%
vraiment
49%
fait
48%
l'effet
44%
sur
41%
Qu'ai-je
40%
Ronflante
39%
parfait,
38%
quand
37%
Merci
36%
Dopé
35%
même
35%
milieu
35%
non
35%
non,
35%
peut
35%
tire
34%
trait
34%
fantasme
31%
distraire
30%
Inaccessible
29%
calcule
26%

Distribution des résultats

Percentile par nombre de réponses

% des personnes avec chaque résultat

Votre développement - résultats

Vous n’avez pas pris ce quiz